Elementary company law in Tanzania /
Saved in:
| Main Author: | |
|---|---|
| Other Authors: | |
| Format: | Book |
| Published: |
Morogoro :
Mzumbe University,
c2011.
|
| Subjects: | |
| Tags: |
Add Tag
No Tags, Be the first to tag this record!
|
MARC
| LEADER | 00000cam a2200000 a 4500 | ||
|---|---|---|---|
| 005 | 20251006141856.0 | ||
| 020 | |a 9789987030217 |c TZS 20,000/= | ||
| 040 | |a MCCL |b eng. |e AACR 2nd. rev. ed. | ||
| 082 | |a 346.06609678 OMB | ||
| 100 | 1 | |a Ombella, J. S. | |
| 245 | 1 | 0 | |a Elementary company law in Tanzania / |c Ombella J.S. and Massawe M.P. |
| 260 | |a Morogoro : |b Mzumbe University, |c c2011. | ||
| 300 | |a xii, 112 p. ; |c 21 cm. | ||
| 546 | |a eng. | ||
| 650 | 0 | |a Corporation law |z Tanzania. | |
| 650 | 0 | |a Business enterprises | |
| 650 | 0 | |a Private companies | |
| 700 | 1 | |a Massawe, M. P. | |
| 942 | |c BK | ||
| 999 | |c 12115 |d 12115 | ||